000 00656nam a22002297i 4500
003 URS
005 20220114153146.0
008 170610b xxu||||| |||| 00| 0 eng d
020 _a9712709949
040 _erda
_cURSP-College Library
_beng
050 _b659 O3t 2000
100 1 _aOng, Yolanda V.
245 _aThe Science of Advertising
_cYolanda V. Ong
264 1 _aPasig City
_bAnvil Publishing, Incorporated
_c2000.
300 _a235pages
_c25cm.
336 _atext
_btxt
_2rdacontent
337 _aunmediated
_bn
_2rdamedia
338 _avolume
_bnc
_2rdacarrier
500 _aIncludes appendices
650 0 _ascience-advertising.
942 _2lcc
_cF
999 _c8206
_d8206